[Event "TOP 16 GpB"]
[Site "Mulhouse FRA"]
[Date "2010.05.02"]
[Round "7"]
[White "Vaisser,A"]
[Black "Koch,JR"]
[Result "1-0"]
[WhiteElo "2511"]
[BlackElo "2470"]
[EventDate "2010.03.26"]

1. b3 e5 2. Bb2 Nc6 3. e3 Nf6 4. Bb5 Bd6 5. Ne2 a6 6. Bxc6 dxc6 7. d3 Qe7
8. e4 Nd7 9. O-O f6 10. Nd2 Nf8 11. Nc4 Be6 12. Nxd6+ cxd6 13. d4 Ng6 14.
Ba3 c5 15. dxc5 dxc5 16. Qd2 O-O 17. Rfd1 b6 18. Qd6 Rab8 19. Qxe7 Nxe7 20.
Rd6 Kf7 21. Rad1 Rfc8 22. Nc3 b5 23. Nd5 b4 24. Bc1 Bxd5 25. exd5 Rd8 26.
Rxd8 Rxd8 27. Be3 Rxd5 28. Rxd5 Nxd5 29. Bxc5 f5 30. a3 bxa3 31. Bxa3 Ke6
32. Kf1 e4 33. g3 g6 34. h4 h5 35. c4 Nf6 36. Bb2 Nd7 37. Bd4 Kd6 38. Ke2
Nf8 39. b4 Ne6 40. Be3 Kc6 41. Kd2 Nd8 42. Kc2 Ne6 43. Kc3 Kd6 44. b5 axb5
45. cxb5 Nc5 46. Kc4 Nb7 47. Bf4+ Ke6 48. b6 Kd7 49. Kd5 Na5 50. Be3 Nc6
51. Bc5 f4 52. gxf4 Nd8 53. Ke5 Nb7 54. Be3 Ke7 55. f5 gxf5 56. Kxf5 Kf7
57. Kxe4 Ke6 58. Kf4 Kf6 59. Bd4+ Ke6 60. Kg5 1-0

[Event "TOP 16 GpB"]
[Site "Mulhouse FRA"]
[Date "2010.05.02"]
[Round "7"]
[White "Svetushkin,D"]
[Black "Roos,Dan"]
[Result "1-0"]
[WhiteElo "2554"]
[BlackElo "2435"]
[EventDate "2010.03.26"]

1. e4 c6 2. d4 d5 3. e5 Bf5 4. Nf3 e6 5. Be2 Nd7 6. O-O h6 7. Nbd2 Ne7 8.
c3 Nc8 9. a4 Be7 10. Ne1 c5 11. g4 Bh7 12. f4 cxd4 13. cxd4 Qb6 14. Nb3 a5
15. Bd2 Bb4 16. Bb5 Na7 17. Bxb4 axb4 18. Bxd7+ Kxd7 19. f5 Rac8 20. a5 Qb5
21. Nd3 Nc6 22. Qf3 Kc7 23. a6 bxa6 24. Ndc5 a5 25. fxe6 fxe6 26. Qf7+ Kb8
27. Nxa5 1-0

[Event "TOP 16 GpB"]
[Site "Mulhouse FRA"]
[Date "2010.05.02"]
[Round "7"]
[White "Varga,P1"]
[Black "Taddei,B"]
[Result "1/2-1/2"]
[WhiteElo "2434"]
[BlackElo "2301"]
[EventDate "2010.03.26"]

1. d4 Nf6 2. c4 g6 3. Nc3 d5 4. e3 Bg7 5. cxd5 Nxd5 6. Nxd5 Qxd5 7. Ne2 O-O
8. Nc3 Qd8 9. Be2 c6 10. O-O e5 11. dxe5 Bxe5 12. Qxd8 Rxd8 13. Rd1 Rxd1+
14. Nxd1 f5 15. Bc4+ Kf8 16. Bd2 a5 17. Bc3 Nd7 18. Rc1 Ke7 19. h4 Bxc3 20.
Nxc3 Ne5 21. Be2 Be6 22. f4 Nd7 23. a3 Nf6 24. Rd1 Bb3 25. Rd2 b5 26. Bf3
Rc8 27. e4 b4 28. axb4 axb4 29. e5 bxc3 30. exf6+ Kxf6 31. bxc3 Ke6 32. Kf2
Bd5 33. Rb2 Bxf3 34. Kxf3 1/2-1/2

[Event "TOP 16 GpB"]
[Site "Mulhouse FRA"]
[Date "2010.05.02"]
[Round "7"]
[White "Collas,S"]
[Black "Nicoara,M"]
[Result "1-0"]
[WhiteElo "2313"]
[BlackElo "2151"]
[EventDate "2010.03.26"]

1. e4 g6 2. d4 Bg7 3. Nc3 c6 4. Nf3 d6 5. h3 b5 6. Bd3 Nd7 7. a4 b4 8. Ne2
a5 9. Ng3 Bb7 10. O-O Qc7 11. Qe2 e6 12. c3 Ne7 13. Be3 h5 14. Ng5 bxc3 15.
bxc3 h4 16. Nh1 d5 17. Qf3 Rf8 18. c4 dxe4 19. Nxe4 Nf5 20. c5 e5 21. Rab1
Bc8 22. Rfe1 Kd8 23. Ng5 Nxe3 24. Qxe3 Ba6 25. Bxa6 Rxa6 26. dxe5 Bxe5 27.
f4 Bxf4 28. Qe8+ Rxe8 29. Nxf7+ Kc8 30. Rxe8+ 1-0

[Event "TOP 16 GpB"]
[Site "Mulhouse FRA"]
[Date "2010.05.02"]
[Round "7"]
[White "Pelletier,Y"]
[Black "Benitah,Y"]
[Result "1-0"]
[WhiteElo "2611"]
[BlackElo "2377"]
[EventDate "2010.03.26"]

1. Nf3 d5 2. g3 Bg4 3. Bg2 Nd7 4. c4 c6 5. cxd5 cxd5 6. Nc3 e6 7. Qb3 b6 8.
Qa4 Bxf3 9. Bxf3 a6 10. d4 Ngf6 11. e4 b5 12. Qb3 b4 13. exd5 bxc3 14. dxe6
Rb8 15. exd7+ Nxd7 16. Qc2 cxb2 17. Bxb2 Bb4+ 18. Kf1 O-O 19. Kg2 Be7 20.
Rac1 Qa5 21. Ba1 Nb6 22. d5 Rbc8 23. Qe4 Rce8 24. Qg4 f6 25. Bc3 Qb5 26.
Rb1 Qd3 27. Rb3 Nc4 28. Rd1 1-0

[Event "TOP 16 GpB"]
[Site "Mulhouse FRA"]
[Date "2010.05.02"]
[Round "7"]
[White "Doncea,V"]
[Black "Hamdouchi,H"]
[Result "0-1"]
[WhiteElo "2475"]
[BlackElo "2606"]
[EventDate "2010.03.26"]

1. d4 Nf6 2. c4 g6 3. g3 Bg7 4. Bg2 O-O 5. Nc3 Nc6 6. Nf3 d5 7. Ne5 dxc4 8.
Nxc6 bxc6 9. O-O Nd5 10. Qa4 Rb8 11. Qxa7 Bg4 12. Qc5 Nb4 13. Rd1 Qd6 14.
Qg5 Qe6 15. f3 Bf5 16. g4 Bc2 17. Rd2 h6 18. Qh4 g5 19. Qf2 Bg6 20. a3 Nc2
21. Ra2 Ne3 22. Na4 c3 23. Nxc3 Rfd8 24. b4 Rxd4 25. Ne4 Rbd8 26. h4 Qc4
27. Qe1 Nc2 0-1

[Event "TOP 16 GpB"]
[Site "Mulhouse FRA"]
[Date "2010.05.02"]
[Round "7"]
[White "Fressinet,L"]
[Black "Renaze,L"]
[Result "1-0"]
[WhiteElo "2670"]
[BlackElo "2304"]
[EventDate "2010.03.26"]

1. d4 d5 2. Nf3 Nf6 3. c4 e6 4. Nc3 Bb4 5. cxd5 exd5 6. Bg5 h6 7. Bh4 g5 8.
Bg3 Ne4 9. Nd2 Nxc3 10. bxc3 Bxc3 11. Rc1 Ba5 12. e3 c6 13. Bd3 Bc7 14.
Bxc7 Qxc7 15. O-O Nd7 16. e4 Nb6 17. a4 Be6 18. a5 Nd7 19. a6 bxa6 20. exd5
Bxd5 21. Re1+ Kf8 22. Nf1 Nf6 23. Ne3 Qf4 24. Bxa6 Kg7 25. Bb7 Rad8 26.
Bxc6 Bxc6 27. Rxc6 Rhe8 28. g3 Qe4 29. Ra6 Ng4 30. Qa1 Nxe3 31. Rxe3 Qh7
32. d5+ Kg8 33. Rd6 Rb8 34. Qxa7 Qb1+ 35. Kg2 Rxe3 36. Qxe3 Qf5 37. h3 h5
38. Qd4 Re8 39. Rh6 Qe5 40. Qxe5 Rxe5 41. Rxh5 Rxd5 42. h4 f6 43. hxg5 fxg5
44. Kh3 Kg7 45. f4 Kg6 46. Kg4 1-0

[Event "TOP 16 GpB"]
[Site "Mulhouse FRA"]
[Date "2010.05.02"]
[Round "7"]
[White "Lacour,S"]
[Black "Maze,S"]
[Result "0-1"]
[WhiteElo "2194"]
[BlackElo "2554"]
[EventDate "2010.03.26"]

1. d4 Nf6 2. c4 g6 3. Nc3 Bg7 4. e4 d6 5. Bd3 O-O 6. Nge2 e5 7. d5 a5 8.
O-O Nbd7 9. h3 Ne8 10. Be3 f5 11. exf5 gxf5 12. f4 e4 13. Bc2 Nb6 14. b3
Rf6 15. Qd2 Rg6 16. Rae1 Bd7 17. Nd1 Qh4 18. Kh1 Nf6 19. Nf2 Nh5 20. Rg1 a4
21. Bxb6 cxb6 22. Qe3 axb3 23. Bxb3 Ng3+ 24. Kh2 Nxe2 25. Rxe2 b5 26. g3
Qd8 27. h4 Qc7 28. Rd2 Qc5 29. Nd1 Qxe3 30. Nxe3 Bc3 31. Re2 Bd4 32. Rf1
Kf7 33. Rd1 Bc5 34. Rde1 Rgg8 35. Rg2 Kg6 36. Nc2 h5 37. cxb5 Bxb5 38. Ne3
Rac8 39. Bc2 Bxe3 40. Rxe3 Bf1 0-1

[Event "TOP 16 GpB"]
[Site "Mulhouse FRA"]
[Date "2010.05.02"]
[Round "7"]
[White "Delorme,Ax"]
[Black "Candy,R"]
[Result "1-0"]
[WhiteElo "2429"]
[BlackElo "2109"]
[EventDate "2010.03.26"]

1. d4 Nf6 2. g3 g6 3. Bg2 Bg7 4. e4 d6 5. Nc3 O-O 6. Nge2 c6 7. O-O Nfd7 8.
Bg5 Na6 9. Qd2 Nc7 10. a4 Qe8 11. a5 Rb8 12. Rfe1 f6 13. Be3 Qf7 14. f4 d5
15. f5 gxf5 16. exf5 e5 17. fxe6 Nxe6 18. Nf4 Re8 19. Nxe6 Rxe6 20. Bh3 Re8
21. Bf4 Ra8 22. Rxe8+ Qxe8 23. Re1 Qd8 24. Be6+ Kh8 25. Bf7 Nf8 26. Re8 Qd7
27. Bh5 b6 28. a6 Qh3 29. Qe2 h6 30. Bd6 Bxa6 31. Qxa6 Rxe8 32. Bxe8 Qe6
33. Bxf8 Qe1+ 34. Kg2 Bxf8 35. Qe2 1-0

[Event "TOP 16 GpB"]
[Site "Mulhouse FRA"]
[Date "2010.05.02"]
[Round "7"]
[White "Gueriche,G"]
[Black "Mullon,J"]
[Result "1/2-1/2"]
[WhiteElo "2035"]
[BlackElo "2439"]
[EventDate "2010.03.26"]

1. Nf3 d5 2. c4 c6 3. e3 Nf6 4. b3 Bg4 5. Bb2 e6 6. Be2 Nbd7 7. O-O Bd6 8.
Nc3 O-O 9. Rc1 a6 10. d3 Qe7 11. e4 dxe4 12. dxe4 Bxf3 13. Bxf3 e5 14. Qe2
Rfe8 15. Nd1 g6 16. Ne3 Ba3 17. Bxa3 Qxa3 18. Nc2 Qa5 19. Rfd1 Nf8 20. b4
Qc7 21. c5 Ne6 22. Rd6 b5 23. Rcd1 a5 24. Qe3 Kg7 25. h4 Re7 26. Qc3 Nf8
27. h5 Ne8 28. Bg4 axb4 29. Nxb4 Ra4 30. Nxc6 Rxe4 31. Bf3 Rc4 32. Qa1 Rxc5
33. Nxe7 Nxd6 34. Nd5 Rxd5 35. Rxd5 f6 36. Qd1 Nf5 37. Rxb5 Qc3 38. Rb7+
Kh6 39. Rf7 Ne6 40. Rxf6 Nfd4 41. hxg6 hxg6 42. a4 Kg7 43. Rxe6 Nxe6 44.
Be2 Nd4 45. Bf1 Qa3 46. Qe1 Qxa4 47. Qxe5+ Kh7 48. Qe7+ Kh6 49. Qe1 Qd7 50.
Qe3+ Kh7 51. Bd3 Qd6 1/2-1/2

[Event "TOP 16 GpB"]
[Site "Mulhouse FRA"]
[Date "2010.05.02"]
[Round "7"]
[White "Skripchenko,A"]
[Black "Batteau,V"]
[Result "1-0"]
[WhiteElo "2456"]
[BlackElo "1906"]
[EventDate "2010.03.26"]

1. e4 c5 2. Nf3 e6 3. d3 Nc6 4. c3 d5 5. Qe2 dxe4 6. dxe4 Nf6 7. g3 g6 8.
Bf4 Bg7 9. Na3 O-O 10. Nc4 b6 11. Rd1 Nd7 12. h4 Ba6 13. Qd2 Nf6 14. Qc2
Nd7 15. Qa4 Bb7 16. Nd6 Qc7 17. Nxb7 Qxb7 18. Ba6 b5 19. Bxb7 bxa4 20. Bxc6
1-0

[Event "TOP 16 GpB"]
[Site "Mulhouse FRA"]
[Date "2010.05.02"]
[Round "7"]
[White "Giri,A"]
[Black "Laznicka,V"]
[Result "1-0"]
[WhiteElo "2624"]
[BlackElo "2659"]
[EventDate "2010.03.26"]

1. d4 d5 2. Nf3 Nf6 3. c4 dxc4 4. e3 e6 5. Bxc4 c5 6. O-O a6 7. Bd3 Nc6 8.
Nc3 cxd4 9. exd4 Be7 10. Bg5 O-O 11. Rc1 Nb4 12. Bb1 b5 13. a3 Nbd5 14.
Nxd5 Nxd5 15. Qd3 g6 16. Bh6 Re8 17. Ne5 Bb7 18. Qf3 Bf6 19. Be4 Qe7 20.
Bxd5 Bxd5 21. Qf4 Bh8 22. Ng4 f6 23. Rc7 e5 24. Qc1 Qe6 25. h3 exd4 26. Bf8
Rec8 27. Qc5 1-0

[Event "TOP 16 GpB"]
[Site "Mulhouse FRA"]
[Date "2010.05.02"]
[Round "7"]
[White "Abergel,T"]
[Black "Van Wely,L"]
[Result "1/2-1/2"]
[WhiteElo "2547"]
[BlackElo "2639"]
[EventDate "2010.03.26"]

1. e4 c5 2. Nf3 e6 3. d4 cxd4 4. Nxd4 Nf6 5. Nc3 d6 6. g4 h6 7. h4 Nc6 8.
Rg1 d5 9. exd5 Nxd5 10. Nxd5 Qxd5 11. Bg2 Qc4 12. Be3 Bd7 13. c3 Be7 14.
Nxc6 Bxc6 15. Qd4 Qxd4 16. Bxc6+ Qd7 17. Bxd7+ Kxd7 18. h5 Kc6 19. Ke2 Bc5
1/2-1/2

[Event "TOP 16 GpB"]
[Site "Mulhouse FRA"]
[Date "2010.05.02"]
[Round "7"]
[White "Sokolov,And1"]
[Black "Edouard,R"]
[Result "1/2-1/2"]
[WhiteElo "2563"]
[BlackElo "2617"]
[EventDate "2010.03.26"]

1. e4 c5 2. Nf3 d6 3. Bb5+ Bd7 4. Bxd7+ Qxd7 5. c4 Nf6 6. Nc3 g6 7. O-O Bg7
8. d4 cxd4 9. Nxd4 O-O 10. f3 Rc8 1/2-1/2

[Event "TOP 16 GpB"]
[Site "Mulhouse FRA"]
[Date "2010.05.02"]
[Round "7"]
[White "Sebag,M"]
[Black "Vovk,Y"]
[Result "0-1"]
[WhiteElo "2506"]
[BlackElo "2545"]
[EventDate "2010.03.26"]

1. e4 c5 2. Nf3 e6 3. d4 cxd4 4. Nxd4 a6 5. Bd3 Bc5 6. Nb3 Be7 7. O-O Nc6
8. c4 Nf6 9. Nc3 d6 10. Be3 b6 11. f4 Bb7 12. Rc1 Rc8 13. Bb1 O-O 14. Qf3
g6 15. Rfd1 Nd7 16. Qh3 Re8 17. Bf2 Qc7 18. Nd2 Na5 19. Ne2 Bf6 20. b4 Nc6
21. Qb3 Bg7 22. Nf3 Nf6 23. h3 b5 24. cxb5 axb5 25. Ned4 Qb8 26. Nxb5 Bf8
27. Nc3 d5 28. e5 Nh5 29. Ne2 Nxb4 30. Nfd4 Ba6 31. Qf3 Bc4 32. a3 Na6 33.
Bd3 Bxd3 34. Qxd3 Nc5 35. Qb5 Qa8 36. Be3 Rb8 37. Qc6 Qxa3 38. Rc3 Qa5 39.
Bd2 Rec8 40. Rb3 Nxb3 41. Bxa5 Nxd4 42. Nxd4 Rxc6 43. Nxc6 Rb2 44. Bd8 Nxf4
45. Bf6 Rxg2+ 46. Kh1 Rg3 47. Ne7+ Bxe7 48. Bxe7 Rxh3+ 49. Kg1 h6 50. Rb1
g5 51. Bf6 d4 52. Rb7 g4 53. Rb4 g3 0-1

[Event "TOP 16 GpB"]
[Site "Mulhouse FRA"]
[Date "2010.05.02"]
[Round "7"]
[White "Riff,JN"]
[Black "Apicella,M"]
[Result "1/2-1/2"]
[WhiteElo "2505"]
[BlackElo "2523"]
[EventDate "2010.03.26"]

1. e4 e6 2. Nc3 d5 3. Nf3 d4 4. Ne2 c5 5. c3 Nc6 6. cxd4 cxd4 7. Qa4 Nf6 8.
Nexd4 Bd7 9. Nxc6 Bxc6 10. Bb5 Qb6 11. Bxc6+ bxc6 12. O-O Rd8 13. d3 Qb5
14. Qxa7 Rd7 15. Qe3 Rxd3 16. a4 Qc4 17. Ne5 Rxe3 18. Nxc4 Rxe4 19. b3 Nd5
20. a5 Bc5 21. Ba3 Bxa3 22. Rxa3 Kd7 23. f3 Re2 24. Rc1 Kc7 25. a6 Ra8 26.
Ra4 1/2-1/2

[Event "TOP 16 GpB"]
[Site "Mulhouse FRA"]
[Date "2010.05.02"]
[Round "7"]
[White "Cossin,S"]
[Black "Bricard,E"]
[Result "1-0"]
[WhiteElo "2497"]
[BlackElo "2488"]
[EventDate "2010.03.26"]

1. Nf3 f5 2. e4 fxe4 3. Ng5 Nc6 4. d3 e3 5. Bxe3 e5 6. Be2 Nf6 7. O-O d5 8.
c4 d4 9. Bc1 Bf5 10. Nd2 h6 11. Nge4 Nxe4 12. Bh5+ Ke7 13. Nxe4 Bxe4 14.
dxe4 Qd6 15. f4 g6 16. c5 Qxc5 17. Bxg6 Bg7 18. Qb3 Rhf8 19. f5 Kd8 20. f6
1-0

[Event "TOP 16 GpB"]
[Site "Mulhouse FRA"]
[Date "2010.05.02"]
[Round "7"]
[White "Richard,E"]
[Black "Dourerassou,J"]
[Result "0-1"]
[WhiteElo "2116"]
[BlackElo "2413"]
[EventDate "2010.03.26"]

1. e4 c5 2. Nf3 Nc6 3. Bb5 d6 4. O-O Bd7 5. c3 Nf6 6. Re1 a6 7. Bf1 Bg4 8.
d3 e6 9. Nbd2 Be7 10. h3 Bh5 11. g4 Bg6 12. Bg2 d5 13. Nh4 Qc7 14. Nxg6
hxg6 15. Nf3 O-O 16. e5 Nd7 17. d4 cxd4 18. cxd4 Rfc8 19. Bg5 Nb6 20. h4
Bxg5 21. Nxg5 Qe7 22. f4 Qb4 23. Nf3 Na4 24. a3 Qa5 25. Re2 Ne7 26. Qd3 Qb6
27. Rb1 Rc7 28. Rf2 Rac8 29. Qd1 Qc6 30. Bf1 b5 31. Bd3 Nb6 32. h5 gxh5 33.
Rh2 Qc1 34. Rxh5 Qxf4 0-1

[Event "TOP 16 GpB"]
[Site "Mulhouse FRA"]
[Date "2010.05.02"]
[Round "7"]
[White "Vernay,C"]
[Black "Tregubov,P"]
[Result "1-0"]
[WhiteElo "2440"]
[BlackElo "2625"]
[EventDate "2010.03.26"]

1. d4 Nf6 2. c4 c5 3. d5 b5 4. cxb5 a6 5. b6 e6 6. Nc3 Nxd5 7. Nxd5 exd5 8.
Qxd5 Nc6 9. Nf3 Rb8 10. e4 Be7 11. Bc4 O-O 12. Bd2 Rxb6 13. Bc3 d6 14. O-O
Bf6 15. Qd2 Bg4 16. Ne1 Bxc3 17. Qxc3 Ne5 18. f3 Nxc4 19. Qxc4 Be6 20. Qc3
Qf6 21. Qxf6 gxf6 22. Rf2 f5 23. exf5 Bxf5 24. Rd2 a5 25. b3 a4 26. bxa4 c4
27. Rc1 Rc8 28. Rc3 Kf8 29. g4 Be6 30. Ng2 Ra8 31. f4 f6 32. f5 Bf7 33. Kf2
Rxa4 34. Ne3 Rba6 35. Kf3 Ke7 36. Ke4 Rxa2 37. Rxa2 Rxa2 38. Nd5+ Kd7 39.
Nxf6+ Kc6 40. Rh3 Kc5 41. Rxh7 d5+ 42. Kf3 Ra3+ 43. Kf2 Ra2+ 44. Kg3 Ra3+
45. Kh4 Ra7 46. g5 c3 47. g6 c2 48. gxf7 Ra8 49. f8=Q+ Rxf8 50. Rc7+ Kd6
51. Rxc2 Rxf6 52. Kg5 Rf8 53. Kg6 d4 54. Rf2 d3 55. f6 Rg8+ 56. Kh7 Rd8 57.
f7 1-0

[Event "TOP 16"]
[Site "Guingamp FRA"]
[Date "2010.06.03"]
[Round "8"]
[White "Bellaiche,A"]
[Black "Kazhgaleyev,M"]
[Result "0-1"]
[WhiteElo "2443"]
[BlackElo "2637"]
[EventDate "2010.03.26"]

1. d4 d5 2. c4 c6 3. Nc3 Nf6 4. e3 a6 5. Nf3 Bf5 6. Qb3 Ra7 7. Bd2 e6 8.
Nh4 Bg6 9. Nxg6 hxg6 10. Be2 Nbd7 11. Bf3 Be7 12. g3 O-O 13. cxd5 exd5 14.
O-O Qb6 15. Qc2 Raa8 16. b4 Qd8 17. Na4 b5 18. Nb2 Nb6 19. Bg2 Nc4 20. Nxc4
bxc4 21. Bc3 g5 22. Rfe1 Qd7 23. Rad1 Rfe8 24. Qa4 Bd6 25. e4 dxe4 26. d5
c5 27. Qc6 Rac8 28. Qxa6 cxb4 29. Bxf6 gxf6 30. Bxe4 Kg7 31. Bc2 Rh8 32.
Be4 c3 33. Bg2 Rhe8 34. Rxe8 Rxe8 35. Qc6 Qe7 36. Bf1 f5 37. Qc4 Qe5 38.
Qd3 f4 39. Rc1 Qe4 40. Qxe4 Rxe4 41. Bd3 Rd4 42. Bc2 Rd2 43. gxf4 Bc5 44.
Bb3 Rxf2 45. Kh1 g4 46. h3 g3 0-1

[Event "TOP 16"]
[Site "Guingamp FRA"]
[Date "2010.06.03"]
[Round "8"]
[White "Tkachiev,V"]
[Black "Houska,Jo"]
[Result "1-0"]
[WhiteElo "2639"]
[BlackElo "2392"]
[EventDate "2010.03.26"]

1. d4 d5 2. c4 c6 3. e3 Nf6 4. Bd3 e6 5. Nf3 Nbd7 6. O-O Bd6 7. Nc3 dxc4 8.
Bxc4 b5 9. Be2 b4 10. Na4 O-O 11. Qc2 Qc7 12. Bd2 a5 13. Rfc1 Bb7 14. a3
bxa3 15. bxa3 Rfc8 16. e4 e5 17. Nc5 Nxc5 18. dxc5 Bf8 19. Bg5 Nd7 20. Bc4
Nxc5 21. Be3 Ne6 22. Bxe6 fxe6 23. Bc5 a4 24. Qa2 Kh8 25. h3 Ra5 26. Bxf8
Rxf8 27. Qxe6 Bc8 28. Qxc6 Qxc6 29. Rxc6 Bb7 30. Rc4 Ba6 31. Rc7 Be2 32.
Ng5 h6 33. Ne6 Rg8 34. Re1 Bh5 35. Rb1 Bg6 36. f3 Ra6 37. Re7 Re8 38. Rxe8+
Bxe8 39. Nc7 1-0

[Event "TOP 16"]
[Site "Guingamp FRA"]
[Date "2010.06.03"]
[Round "8"]
[White "Colin,V"]
[Black "Lahno,Kateri"]
[Result "0-1"]
[WhiteElo "2445"]
[BlackElo "2518"]
[EventDate "2010.03.26"]

1. c4 Nf6 2. Nc3 d5 3. cxd5 Nxd5 4. e4 Nxc3 5. bxc3 g6 6. h4 h5 7. d4 Bg7
8. Be3 c5 9. Bb5+ Bd7 10. Be2 Qa5 11. Kf1 O-O 12. g4 hxg4 13. h5 cxd4 14.
cxd4 gxh5 15. e5 Qd5 16. Rxh5 f5 17. Qd2 Qf7 18. Rh4 f4 19. Bd3 Bf5 20.
Bxf4 Nc6 21. Ne2 Rad8 22. Bxf5 Qxf5 23. Qe3 Rf7 24. Qg3 Nxd4 25. Rd1 Ne6
26. Rxd8+ Nxd8 27. Rxg4 Ne6 28. Bh6 Qh7 29. Bxg7 Rxg7 30. Qb3 Qh1+ 31. Rg1
Rxg1+ 32. Nxg1 Qc6 33. Qf3 Qxf3 34. Nxf3 Kf7 35. Ke2 Kg6 36. Nd2 Kf5 37.
Nc4 b5 38. Na5 Nd4+ 39. Kd3 Kxe5 40. f4+ Kd5 41. a3 Ne6 42. Ke3 Nc5 43. f5
a6 44. Kf4 Kd6 0-1

[Event "TOP 16"]
[Site "Guingamp FRA"]
[Date "2010.06.03"]
[Round "8"]
[White "Palac,M"]
[Black "Tirard,H"]
[Result "1-0"]
[WhiteElo "2557"]
[BlackElo "2451"]
[EventDate "2010.03.26"]

1. e4 c5 2. Nf3 Nc6 3. Bb5 e6 4. O-O Nge7 5. Re1 Qb6 6. Ba4 Ng6 7. c3 Be7
8. d4 O-O 9. Bb3 d6 10. Na3 Rd8 11. Nc4 Qc7 12. Ne3 b5 13. d5 Nce5 14. Nxe5
dxe5 15. c4 a6 16. Bd2 Kh8 17. g3 Bb7 18. Qf3 Rf8 19. h4 Bd6 20. h5 Ne7 21.
h6 f5 22. hxg7+ Kxg7 23. Qh5 Rf6 24. exf5 exf5 25. Bc2 bxc4 26. Bxf5 h6 27.
Be4 Raf8 28. Ng4 Nxd5 29. Bxh6+ Kg8 30. Bxf8 Rxf8 31. Qg6+ 1-0

[Event "TOP 16"]
[Site "Guingamp FRA"]
[Date "2010.06.03"]
[Round "8"]
[White "Geenen,M"]
[Black "Govciyan,P"]
[Result "1/2-1/2"]
[WhiteElo "2327"]
[BlackElo "2430"]
[EventDate "2010.03.26"]

1. e4 e5 2. Nf3 Nc6 3. Bc4 Nf6 4. d4 exd4 5. e5 d5 6. Bb5 Ne4 7. Nxd4 Bd7
8. Bxc6 bxc6 9. O-O Bc5 10. f3 Ng5 11. f4 Ne4 12. Be3 O-O 13. Nd2 f5 14.
Nxe4 fxe4 15. Qd2 Qe7 16. Nb3 Bb6 17. Qc3 Bf5 18. a4 a5 1/2-1/2

[Event "TOP 16"]
[Site "Guingamp FRA"]
[Date "2010.06.03"]
[Round "8"]
[White "Guidarelli,L"]
[Black "Basic,B"]
[Result "1-0"]
[WhiteElo "2433"]
[BlackElo "2059"]
[EventDate "2010.03.26"]

1. e4 e5 2. Nf3 Nc6 3. Bb5 a6 4. Ba4 Nf6 5. O-O Be7 6. Re1 b5 7. Bb3 d6 8.
c3 O-O 9. h3 Na5 10. Bc2 c5 11. d4 Qc7 12. Nbd2 cxd4 13. cxd4 Nc6 14. Nb3
a5 15. Be3 a4 16. Nbd2 Rd8 17. Rc1 Qb7 18. d5 Na5 19. Nh2 Nc4 20. Nxc4 bxc4
21. Rb1 Qc7 22. a3 Bd7 23. Bd2 Be8 24. Ng4 Nd7 25. Bxa4 Nc5 26. Bxe8 Rxe8
27. Qc2 Nd3 28. Re3 Rec8 29. Rg3 Bh4 30. Rf3 Qe7 31. Ne3 Qa7 32. g3 Bg5 33.
Nf5 Bxd2 34. Qxd2 Qd7 35. Kg2 f6 36. h4 Rcb8 37. Ne3 Rb3 38. Nxc4 Nf4+ 39.
gxf4 Rxf3 40. Kxf3 Qh3+ 41. Ke2 Qg4+ 42. f3 Qg2+ 43. Kd3 Qxf3+ 44. Qe3 Qg2
45. Rg1 Qh2 46. Qg3 1-0

[Event "TOP 16"]
[Site "Guingamp FRA"]
[Date "2010.06.03"]
[Round "8"]
[White "Fruteau,S"]
[Black "Leconte,M"]
[Result "0-1"]
[WhiteElo "2125"]
[BlackElo "2330"]
[EventDate "2010.03.26"]

1. e4 c5 2. Nf3 g6 3. d4 cxd4 4. Qxd4 Nf6 5. c4 Nc6 6. Qd3 Bg7 7. Be2 O-O
8. Nc3 b6 9. O-O Ba6 10. b3 Nxe4 11. Qxe4 Bxc3 12. Bh6 Bg7 13. Qh4 f6 14.
Rad1 Qe8 15. g4 Bb7 16. g5 Ne5 17. Nxe5 fxe5 18. Bxg7 Kxg7 19. Bg4 Rf4 20.
Rd3 d6 21. Rh3 Rxg4+ 22. Qxg4 Bc8 23. Qh4 Bxh3 24. Qxh3 Qc8 25. Qg2 Rb8 26.
f4 Qc5+ 27. Kh1 Rf8 28. Qb7 Rf7 29. Qe4 exf4 30. Rxf4 Qxg5 31. Qd4+ Qe5 32.
Qxe5+ dxe5 33. Re4 Kf6 34. Kg2 Ke6 35. Re3 Rf4 36. Rc3 Rd4 37. a3 e4 38. b4
Rd2+ 39. Kg1 Rd3 40. Rxd3 exd3 41. Kf2 Ke5 0-1

[Event "TOP 16"]
[Site "Guingamp FRA"]
[Date "2010.06.03"]
[Round "8"]
[White "Marino,O"]
[Black "Canonne,A"]
[Result "0-1"]
[WhiteElo "2111"]
[BlackElo "2025"]
[EventDate "2010.03.26"]

1. e4 c5 2. Nf3 e6 3. Nc3 Nc6 4. d4 cxd4 5. Nxd4 Bc5 6. Nb3 Bb6 7. Nb5 d5
8. Qg4 Nf6 9. Qxg7 Rg8 10. Nd6+ Ke7 11. Nxc8+ Rxc8 12. Qh6 Bxf2+ 13. Ke2
Rg6 14. Qf4 Nxe4 15. c3 Rf6 16. Qg4 Qb6 17. Kd1 Bg1 18. Qe2 Nf2+ 19. Kc2
Nxh1 20. Bg5 Nf2 21. Bxf6+ Kxf6 22. Qh5 Ne4 23. a3 Qf2+ 24. Be2 Nd4+ 25.
Nxd4 Qxd4 26. Rf1+ Bf2 0-1

[Event "TOP 16"]
[Site "Guingamp FRA"]
[Date "2010.06.03"]
[Round "8"]
[White "Prie,E"]
[Black "Doettling,F"]
[Result "1/2-1/2"]
[WhiteElo "2502"]
[BlackElo "2571"]
[EventDate "2010.03.26"]

1. d4 d5 2. Bf4 c5 3. e3 cxd4 4. exd4 Nc6 5. c3 Bf5 6. Qb3 Qd7 7. Nf3 e6 8.
Nbd2 Nge7 9. h3 h6 10. Be2 Bh7 11. Ne5 Nxe5 12. Bxe5 1/2-1/2

[Event "TOP 16"]
[Site "Guingamp FRA"]
[Date "2010.06.03"]
[Round "8"]
[White "Rozentalis,E"]
[Black "Sarthou,G"]
[Result "1-0"]
[WhiteElo "2628"]
[BlackElo "2386"]
[EventDate "2010.03.26"]

1. e4 g6 2. d4 Bg7 3. Nf3 d6 4. Bc4 Nf6 5. Qe2 c6 6. e5 dxe5 7. dxe5 Nd5 8.
h3 O-O 9. O-O Nd7 10. c3 Qc7 11. Re1 e6 12. a4 b6 13. Nbd2 a6 14. Nf1 Bb7
15. h4 c5 16. h5 Ne7 17. N1h2 gxh5 18. Bf4 Ng6 19. Qe3 Rfe8 20. Rad1 Bc6
21. Bb3 b5 22. axb5 axb5 23. Bg3 h4 24. Nxh4 Nxh4 25. Bxh4 Qxe5 26. Qh3 Qh5
27. Ng4 c4 28. Bc2 f5 29. Ne3 Ne5 30. Rd6 Rac8 31. Qg3 Ng6 32. Rxc6 Rxc6
33. Nxf5 exf5 34. Rxe8+ Kf7 35. Re1 Qxh4 36. Qf3 Rc5 37. Bxf5 Bf6 38. Qb7+
Ne7 39. Be6+ Kg7 40. Bh3 Qg5 41. Re4 h5 42. f4 Qd5 43. Rxe7+ Bxe7 44. Qxe7+
Kh6 45. Be6 Qe4 46. Qf8+ Kh7 47. Bg8+ 1-0

[Event "TOP 16"]
[Site "Guingamp FRA"]
[Date "2010.06.03"]
[Round "8"]
[White "Alcaraz Ortega,J"]
[Black "Vaisser,A"]
[Result "0-1"]
[WhiteElo "2235"]
[BlackElo "2511"]
[EventDate "2010.03.26"]

1. d4 Nf6 2. Nf3 c5 3. c3 e6 4. Bf4 cxd4 5. cxd4 Qb6 6. Qc2 Nc6 7. e3 Nb4
8. Qc1 Nfd5 9. Bg3 Qa5 10. Nbd2 Qa4 11. b3 Qc6 12. Nc4 b5 13. Nfe5 Qb7 14.
Nd2 d6 15. Nd3 Bd7 16. Qb2 Rc8 17. Rc1 Rxc1+ 18. Nxc1 Qc6 19. Kd1 Be7 20.
a3 Na6 21. Na2 O-O 22. e4 Nf6 23. Bd3 d5 24. e5 Ne4 25. f3 Nxd2 26. Kxd2 b4
27. a4 Qb6 28. h4 Nb8 29. Bf4 f6 30. Be3 fxe5 31. dxe5 Bc5 32. Bxh7+ Kh8
33. Bxc5 Qxc5 34. Qc2 Qd4+ 35. Bd3 Rc8 36. Qb1 Na6 37. Qa1 Qf2+ 38. Kd1 Qe3
39. Qb1 Nc5 40. Be2 a5 41. Ba6 Ra8 42. Be2 Rc8 43. Ba6 Rc6 44. Bb5 Rc7 45.
Bxd7 Nd3 46. Rf1 Qd4 47. Bb5 Nc1+ 48. Ke1 Qe3+ 49. Kd1 Nxa2 0-1

[Event "TOP 16"]
[Site "Guingamp FRA"]
[Date "2010.06.03"]
[Round "8"]
[White "Kallai,G"]
[Black "Touzane,O"]
[Result "1/2-1/2"]
[WhiteElo "2444"]
[BlackElo "2287"]
[EventDate "2010.03.26"]

1. d4 Nf6 2. Nf3 g6 3. Bf4 Bg7 4. e3 O-O 5. Be2 c5 6. c3 b6 7. O-O Bb7 8.
Nbd2 d6 9. h3 Nbd7 10. a4 a6 11. Bh2 Ra7 12. b4 Qa8 13. Qb3 Ne4 14. Nxe4
Bxe4 15. Rfc1 h6 16. Qd1 Rc8 17. Qf1 a5 18. bxc5 bxc5 19. Nd2 Bd5 20. Rab1
cxd4 21. cxd4 Rac7 22. Bf3 Bxf3 23. Nxf3 Rxc1 24. Rxc1 Nb6 25. Rxc8+ Qxc8
26. Bg3 Qc4 27. Qxc4 Nxc4 28. Kf1 f5 29. Ke2 Nb2 30. Nd2 Nxa4 31. Nc4 Nc3+
32. Kd3 Ne4 33. Nxa5 Kf7 34. Nc4 Ke6 35. Nd2 Nxd2 36. Kxd2 1/2-1/2

[Event "TOP 16"]
[Site "Guingamp FRA"]
[Date "2010.06.03"]
[Round "8"]
[White "Shafiei,A"]
[Black "Roos,Dan"]
[Result "0-1"]
[WhiteElo "2221"]
[BlackElo "2435"]
[EventDate "2010.03.26"]

1. d4 Nf6 2. c4 g6 3. Nc3 d5 4. Nf3 Bg7 5. e3 O-O 6. b4 b6 7. Qb3 Bb7 8.
Ba3 dxc4 9. Bxc4 Bxf3 10. gxf3 c6 11. Rd1 b5 12. Be2 e6 13. O-O Nbd7 14.
Rc1 Qb6 15. f4 Rfc8 16. Bf3 Bf8 17. Ne4 Nd5 18. Nc5 Nxc5 19. dxc5 Qd8 20.
Bb2 Bg7 21. Bxg7 Kxg7 22. a4 bxa4 23. Qxa4 Qf6 24. Bxd5 exd5 25. Rfd1 Rab8
26. Rd4 Rc7 27. Rb1 h5 28. Ra1 Rcb7 29. Ra2 Qf5 30. Rb2 Qc8 31. f5 a5 32.
fxg6 fxg6 33. e4 Qg4+ 34. Kf1 Qh3+ 35. Kg1 Qg4+ 36. Kf1 Qf4 37. Qd1 dxe4
38. Rd7+ Rxd7 39. Qxd7+ Kh6 40. Qd6 Qc1+ 41. Kg2 Qg5+ 42. Kf1 Rd8 0-1